000 00700nam a22002177a 4500
003 OSt
005 20260110012505.0
008 260110b |||||||| |||| 00| 0 eng d
020 _a971-93154-3-1
040 _aDWC-Main lib
_cOC
082 _aFil. 248.32 W647b 2001
100 _aWiens, Gary
245 _aBridal intercession :
_bauthority in prayer through intimacy with Jesus/
_cGary Wiens
260 _aOlongapo City, Philippines :
_bArise and Shine publishing ,
_cc2001.
300 _a253 pages :
_billustrations ;
_c 21cm.
650 _a1. Jesus Christ
650 _a2. Pray-- Christianity
650 _a3. Prayer
650 _a4. Spiritual life
942 _2ddc
_cBK - FIL
_kFil.
_n0
999 _c7240
_d7240